Allgemeinwissen - Statistiken

Allgemein
  • Dieses Quiz wurde 53 mal gespielt
  • Das Durchschnittsergebnis liegt bei 7 aus 9
Antwortstatistiken
Hint Antwort % Korrekt
Gegenteil von "falsch". Richtig
98%
Unbestimmter Artikel. Ein
94%
Abkürzung für "Irish Standard Time". Ist
94%
Haben in 3. Person Singular. Hat
92%
Fragewort des Nominativs. Wer
90%
"Traurig" auf Englisch und rückwärts. Das
86%
Ausdruck von Lachen, onomatopoetisch. Haha
52%
Fabelwesen, deren Größe die von Menschen signifikant übersteigt. Riesen
50%
Dieses Gemüse verbirgt sich hinter dem lateinischen Namen "Allium". Lauch
32%
Keine übereinstimmenden Quizze gefunden
Verteilung der Resultate
Anzahl Personen mit jedem Resultat
Perzentil nach korrekt beantworteten Fragen
Ihre Resultats-Entwicklung
Sie haben dieses Quiz noch nicht gespielt